| 000 | 00515nam a2200181 a 4500 | ||
|---|---|---|---|
| 001 | 000017383 | ||
| 005 | 20240412074247.0 | ||
| 008 | 100324s1978 dr 000 j spa d | ||
| 040 |
_aDO-SdBNP _bspa _cBNPHU |
||
| 082 |
_aRD863.44 _bR436o |
||
| 100 | 1 |
_aRestituyo, Antonio _938063 |
|
| 245 | 1 | 3 |
_aLa odisea del túgamo / _cAntonio Restituyo. |
| 260 |
_aSanto Domingo : _bTaller, _c1978. |
||
| 300 |
_a40 p. ; _c22 cm. |
||
| 650 | 0 |
_aCuentos dominicanos _9176 |
|
| 650 | 0 |
_aLiteratura dominicana. _967 |
|
| 049 | _aBNPD | ||
| 999 |
_c16908 _d16908 |
||